[Event "THA-ch 45th"]
[Site "Ayutthaya"]
[Date "2022.04.09"]
[Round "3"]
[White "Suppt Hongs, Paisal"]
[Black "Kaewwattha, Chanathun"]
[Result "1-0"]
[WhiteElo "1686"]
[BlackElo "1089"]
[PlyCount "51"]
[EventDate "2022.04.08"]
[EventType "swiss"]
[EventRounds "9"]
[EventCountry "THA"]
[SourceTitle "CBM 207 Extra"]
[Source "ChessBase"]
[SourceDate "2022.05.31"]
[SourceVersion "1"]
[SourceVersionDate "2022.05.31"]
[SourceQuality "1"]

1. e4 e5 2. f4 f6 3. fxe5 fxe5 4. Qh5+ g6 5. Qxe5+ Qe7 6. Qxh8 Qxe4+ 7. Ne2 Qxc2 8. Qxg8 h5 9. Nbc3 Qf5 10. d4 d6 11. Bh6 Nd7 12. Nd5 c5 13. Nc7+ Kd8 14. Nxa8 b6 15. Bxf8 Nxf8 16. dxc5 bxc5 17. Rd1 Kd7 18. Rd5 Qb1+ 19. Kf2 Ne6 20. Qf7+ Kc6 21. Qf3 Qxa2 22. Re5+ d5 23. Nc3 Qxb2+ 24. Be2 Qb3 25. Rb1 Qxc3 26. Qxd5# 1-0

[Event "Bangkok Thailand op"]
[Site "Bangkok"]
[Date "2021.12.21"]
[Round "8"]
[White "Suppt Hongs, Paisal"]
[Black "Kuich, Gero"]
[Result "1/2-1/2"]
[WhiteElo "1723"]
[BlackElo "1490"]
[PlyCount "169"]
[EventDate "2021.12.15"]
[EventType "swiss"]
[EventRounds "9"]
[EventCountry "THA"]
[SourceTitle "CBM 206 Extra"]
[Source "ChessBase"]
[SourceDate "2022.03.31"]
[SourceVersion "1"]
[SourceVersionDate "2022.03.31"]
[SourceQuality "1"]

1. Nf3 Nf6 2. g3 g6 3. Nc3 c5 4. e4 Nc6 5. Bg2 Bg7 6. 0-0 d6 7. d3 0-0 8. Bg5 h6 9. Be3 Ng4 10. Bd2 Rb8 11. Rb1 b6 12. Ne2 Bb7 13. c3 Nge5 14. Qc2 Nxf3+ 15. Bxf3 Rc8 16. Bg4 Rc7 17. Bh3 e6 18. Bg2 Ne7 19. Qc1 Kh7 20. b4 d5 21. exd5 Nxd5 22. bxc5 Ba6 23. c4 Rxc5 24. Qa3 Nc7 25. Bb4 Re5 26. Nf4 Rg8 27. Rfd1 Bf8 28. Qb2 Bg7 29. Bc3 Ra5 30. Bxg7 Rxg7 31. Rd2 f6 32. Rc1 Rd7 33. Qc3 e5 34. Nd5 Nxd5 35. Bxd5 Rc5 36. Qb2 Qc7 37. Rdc2 Bb7 38. Bxb7 Qxb7 39. Rc3 Rd4 40. Qe2 Qd7 41. Qf3 Kg7 42. Ra3 Rc8 43. Re1 Rd8 44. Re3 Qe7 45. Rb3 Qd6 46. Qe2 Rd7 47. h4 h5 48. Qf3 Rd8 49. Qe2 Rd7 50. Qf3 Rd8 51. Kg2 Rc8 52. a4 Qc6 53. a5 Qxf3+ 54. Kxf3 Rc6 55. Ke2 Rd7 56. Ra3 Rb7 57. f4 Rc5 58. axb6 axb6 59. Kf3 exf4 60. gxf4 b5 61. Rb3 Kf7 62. Re4 g5 63. hxg5 fxg5 64. fxg5 Kg6 65. Kg3 Kxg5 66. Rd4 Kf5 67. Kh4 Ke6 68. Rf4 Kd6 69. Re4 Rb8 70. Rb2 Kc7 71. Re7+ Kb6 72. Re1 Rd8 73. Rb3 Rd4+ 74. Kh3 Rd6 75. Reb1 Kc7 76. cxb5 Re5 77. Rg1 Kb6 78. Rg8 Re3+ 79. Rg3 Re5 80. Rg8 Re3+ 81. Kg2 Rexd3 82. Rxd3 Rxd3 83. Rg6+ Kxb5 84. Rg5+ Kc4 85. Rxh5 1/2-1/2

[Event "THA-ch"]
[Site "Bangkok"]
[Date "2020.02.06"]
[Round "1"]
[White "Teerapabpaisit, Wisuwat"]
[Black "Suppt Hongs, Paisal"]
[Result "1-0"]
[WhiteElo "2154"]
[BlackElo "1770"]
[PlyCount "83"]
[EventDate "2020.02.06"]
[EventType "swiss"]
[EventRounds "9"]
[EventCountry "THA"]
[SourceTitle "CBM 195 Extra"]
[Source "ChessBase"]
[SourceDate "2020.05.31"]
[SourceVersion "1"]
[SourceVersionDate "2020.05.31"]
[SourceQuality "1"]

1. e4 c5 2. Nf3 e6 3. d4 cxd4 4. Nxd4 a6 5. Bd3 Bc5 6. Nb3 Ba7 7. Nc3 Nc6 8. Qe2 Nge7 9. Be3 Ne5 10. 0-0-0 b5 11. f4 Nxd3+ 12. Rxd3 b4 13. Na4 d5 14. Rhd1 0-0 15. f5 Bd7 16. Bxa7 Rxa7 17. Qf2 Qb8 18. Nac5 Bb5 19. Rh3 exf5 20. exf5 Qb6 21. Rf3 f6 22. Rd4 Nc6 23. Rxd5 Ne5 24. Rf4 Bc4 25. Rdd4 a5 26. Rxc4 Nxc4 27. Rxc4 Re8 28. Nd3 Qa6 29. Rd4 Rae7 30. Nbc5 Qb5 31. Ne6 g6 32. Rg4 Kh8 33. Qc5 Qa6 34. Qd4 Rxe6 35. fxe6 Qxe6 36. b3 Rc8 37. Rf4 Kg7 38. Re4 Qc6 39. Qc4 Qd7 40. Nc5 Qc6 41. Re7+ Kh8 42. Qf7 1-0

[Event "THA-ch"]
[Site "Bangkok"]
[Date "2019.05.04"]
[Round "7"]
[White "Klubwong, Prakarn"]
[Black "Suppt Hongs, Paisal"]
[Result "1-0"]
[WhiteElo "1822"]
[BlackElo "1836"]
[PlyCount "121"]
[EventDate "2019.05.01"]
[EventType "swiss"]
[EventRounds "9"]
[EventCountry "THA"]
[SourceTitle "CBM 190 Extra"]
[Source "ChessBase"]
[SourceDate "2019.07.15"]
[SourceVersion "1"]
[SourceVersionDate "2019.07.15"]
[SourceQuality "1"]

1. d4 b5 2. Bf4 Nf6 3. e3 Bb7 4. Nd2 e6 5. Ngf3 b4 6. Bd3 h6 7. h3 c5 8. dxc5 Bxc5 9. 0-0 d5 10. Bxb8 Rxb8 11. Bb5+ Nd7 12. Ne5 Bc8 13. Nc6 Qb6 14. Nxb8 Qxb5 15. Nxd7 Bxd7 16. Nf3 0-0 17. Qd3 Qb8 18. Rfc1 a5 19. c3 Bb5 20. Qc2 Bd6 21. cxb4 axb4 22. a3 bxa3 23. bxa3 Qa8 24. a4 Bc4 25. Nd2 Be5 26. Rab1 Ba6 27. Qc6 Qa7 28. Qb6 Qa8 29. Nf3 Bf6 30. Qc6 Qa7 31. Qc7 Qa8 32. Ne5 Bd8 33. Qb8 Bf6 34. Qxa8 Rxa8 35. Nd7 Ra7 36. Rb8+ Kh7 37. Nf8+ Kg8 38. Nxe6+ Kh7 39. Nf8+ Kg8 40. Nd7+ Kh7 41. Nxf6+ gxf6 42. Rcb1 Kg7 43. g4 Bd3 44. Ra1 Ra5 45. Kg2 f5 46. gxf5 Bxf5 47. Rb5 Ra7 48. Kg3 Be6 49. a5 Kf6 50. Rb6 Kg5 51. a6 Bc8 52. Rd6 Be6 53. Rd8 Kf6 54. Rb8 d4 55. Rb7 Ra8 56. a7 Bd5 57. Rb8 dxe3 58. fxe3 Ke5 59. Rxa8 Bxa8 60. Rb1 Ke4 61. Rb8 1-0

[Event "THA-ch"]
[Site "Bangkok"]
[Date "2019.05.02"]
[Round "3"]
[White "Khumnorkaew, Tupfah"]
[Black "Suppt Hongs, Paisal"]
[Result "1-0"]
[WhiteElo "2040"]
[BlackElo "1836"]
[PlyCount "81"]
[EventDate "2019.05.01"]
[EventType "swiss"]
[EventRounds "9"]
[EventCountry "THA"]
[SourceTitle "CBM 190 Extra"]
[Source "ChessBase"]
[SourceDate "2019.07.15"]
[SourceVersion "1"]
[SourceVersionDate "2019.07.15"]
[SourceQuality "1"]

1. d4 Nf6 2. c4 e6 3. Nc3 d5 4. cxd5 exd5 5. Bg5 Be7 6. e3 c6 7. Qc2 Ne4 8. Bxe7 Qxe7 9. Nxd5 cxd5 10. Qxc8+ Qd8 11. Bb5+ Nc6 12. Qxd8+ Kxd8 13. Ne2 Kc7 14. Rc1 Kb6 15. Bd3 Nb4 16. Bb1 Rac8 17. Nc3 Nxc3 18. Rxc3 g6 19. Kd2 Rxc3 20. bxc3 Nc6 21. Bd3 Na5 22. Rb1+ Kc6 23. e4 dxe4 24. Bxe4+ Kc7 25. a4 b6 26. Bd5 Rd8 27. Ba2 Rd7 28. Re1 a6 29. g4 Kd8 30. g5 Re7 31. Re3 Ke8 32. Rh3 Re4 33. Rxh7 Rf4 34. Ke3 Rf5 35. h4 b5 36. axb5 axb5 37. Rh8+ Kd7 38. f4 Nc6 39. Ke4 Nd8 40. h5 Ke7 41. Rxd8 1-0

[Event "THA-ch"]
[Site "Bangkok"]
[Date "2015.11.15"]
[Round "9"]
[White "Suppt Hongs, Paisal"]
[Black "Maneeratanasak, Chanavuth"]
[Result "0-1"]
[WhiteElo "1859"]
[BlackElo "1801"]
[PlyCount "106"]
[EventDate "2015.11.06"]
[EventType "swiss"]
[EventRounds "9"]
[EventCountry "THA"]
[SourceTitle "CBM 169 Extra"]
[Source "ChessBase"]
[SourceDate "2015.12.18"]
[SourceVersion "1"]
[SourceVersionDate "2015.12.18"]
[SourceQuality "1"]

1. Nf3 Nc6 2. d4 d5 3. Nc3 Nf6 4. Bg5 Bf5 5. Nh4 Bg6 6. Nxg6 hxg6 7. e3 Qd6 8. Qd2 a6 9. 0-0-0 Rh5 10. Bf4 Qd7 11. Be2 Rh8 12. h3 e6 13. Kb1 Bb4 14. Bd3 Nh5 15. Bh2 f5 16. g4 Nf6 17. gxf5 gxf5 18. Bf4 Ne4 19. Bxe4 dxe4 20. a3 Be7 21. d5 0-0-0 22. Qe1 Na7 23. Qg1 Bf6 24. Bg5 Bxc3 25. Bxd8 Qb5 26. b3 Qa5 27. Be7 Nb5 28. a4 Be5 29. Rd4 Nxd4 30. exd4 Bxd4 31. Qe1 Qxd5 32. Ka2 Qc6 33. c4 b5 34. Qd2 Be5 35. Qa5 Kb7 36. h4 e3 37. axb5 axb5 38. Qxb5+ Qxb5 39. cxb5 Ra8+ 40. Ba3 Bd6 41. fxe3 Bxa3 42. Kb1 Bc5 43. Rh3 Rd8 44. Kc2 Bb4 45. h5 Rd2+ 46. Kc1 Rg2 47. h6 gxh6 48. Rxh6 e5 49. Rh5 Rf2 50. e4 fxe4 51. Rxe5 e3 52. Kd1 Rd2+ 53. Kc1 e2 0-1

[Event "THA-ch"]
[Site "Bangkok"]
[Date "2015.11.14"]
[Round "7"]
[White "Suppt Hongs, Paisal"]
[Black "Wattanarat, Pasawon"]
[Result "1-0"]
[WhiteElo "1859"]
[BlackElo "1914"]
[PlyCount "59"]
[EventDate "2015.11.06"]
[EventType "swiss"]
[EventRounds "9"]
[EventCountry "THA"]
[SourceTitle "CBM 169 Extra"]
[Source "ChessBase"]
[SourceDate "2015.12.18"]
[SourceVersion "1"]
[SourceVersionDate "2015.12.18"]
[SourceQuality "1"]

1. d4 c6 2. Nc3 d5 3. Nf3 Bg4 4. Ne5 Bf5 5. g4 Bg6 6. h4 f6 7. h5 Bxc2 8. Qxc2 fxe5 9. dxe5 e6 10. f4 Nh6 11. g5 Nf5 12. Bh3 g6 13. Bd2 Na6 14. a3 Qc7 15. Bg4 Rg8 16. e4 dxe4 17. Nxe4 0-0-0 18. 0-0-0 Kb8 19. hxg6 hxg6 20. Nf6 Rg7 21. Qc4 Rd4 22. Qxe6 Nc5 23. Qe8+ Qd8 24. Bxf5 gxf5 25. Be3 Qxe8 26. Nxe8 Rxd1+ 27. Rxd1 Rd7 28. Bxc5 Rxd1+ 29. Kxd1 Bxc5 30. g6 1-0

[Event "Olympiad-38"]
[Site "Dresden"]
[Date "2008.11.15"]
[Round "3"]
[White "Suppt Hongs, Paisal"]
[Black "Colovic, Aleksandar"]
[Result "0-1"]
[WhiteElo "1966"]
[BlackElo "2458"]
[PlyCount "104"]
[EventDate "2008.11.13"]
[EventType "team-swiss"]
[EventRounds "11"]
[EventCountry "GER"]
[SourceTitle "CBM 128"]
[Source "ChessBase"]
[SourceDate "2009.01.28"]
[SourceVersion "1"]
[SourceVersionDate "2009.01.28"]
[SourceQuality "1"]
[WhiteTeam "Thailand"]
[BlackTeam "Macedonia"]
[WhiteTeamCountry "THA"]
[BlackTeamCountry "MKD"]

1. d4 d5 2. c4 c6 3. g3 Nf6 4. Bg2 Bf5 5. Nc3 e6 6. Nf3 Nbd7 7. Qb3 Qc8 8. cxd5 exd5 9. Nh4 Be6 10. 0-0 Be7 11. Bg5 h6 12. Bxf6 Nxf6 13. Rac1 0-0 14. e3 Ne4 15. Nf3 Rd8 16. Rfe1 f6 17. Nh4 Bf7 18. Qc2 f5 19. Nf3 Qe6 20. Ne5 Bd6 21. f4 Be8 22. Qe2 Rac8 23. Bf3 Bxe5 24. dxe5 c5 25. g4 Bg6 26. Kh1 fxg4 27. Bxe4 dxe4 28. Qg2 Be8 29. Rg1 h5 30. h3 Rd3 31. Rce1 Rcd8 32. Re2 Qf5 33. Qg3 Bd7 34. Nd1 Be6 35. Nf2 Rd2 36. hxg4 hxg4 37. Nxg4 Qxg4 38. Qxg4 Bxg4 39. Rxd2 Rxd2 40. Rxg4 Kf7 41. Rg2 Rxg2 42. Kxg2 Ke6 43. Kf2 b5 44. a3 Kf5 45. Ke2 a5 46. a4 b4 47. b3 g5 48. fxg5 Kxe5 49. g6 Kf6 50. g7 Kxg7 51. Kf2 c4 52. Ke2 c3 0-1